000 00632nam a2200181Ia 4500
008 100920s9999 xx 000 0 und d
082 _b86559
_a891.464 न 04
100 _aकटककर वसंत हरी.
245 _aमन्दज्योति व फवारे.
260 _bउत्कर्ष प्रकाशन, पुणे 4.
_c2004
300 _a195
_bसाधी
365 _b125
520 _aनिबंध.
630 _aमन्दज्योति व फवारे.
650 _aनिबंध.
730 _aमन्दज्योति व फवारे.
942 _cBOOK
999 _c727069
_d727066